| 000 | 00926nam a22002897a 4500 | ||
|---|---|---|---|
| 001 | BR9502339 | ||
| 003 | BR-BrBNA | ||
| 005 | 20230928094437.0 | ||
| 007 | ta | ||
| 008 | 230509b bl.||||| |||| 00| 0 por d | ||
| 040 |
_aBR-BrBNA _bpor _cBiblioteca Nacional de Agricultura |
||
| 041 | _a(Por) | ||
| 072 |
_aP35 _b1850 |
||
| 090 | _ 1850 BR9502339 | ||
| 100 | 1 | _aSouza, A.F. | |
| 110 | 1 |
_aEscola Superior de Agricultura Luiz de Queiroz, Piracicaba, SP (Brasil) _0Tese (Doutor em Agronomia) |
|
| 245 | 1 | _aTolerancia de cultivares de tomateiro ao aluminio em solo e solucao nutritiva | |
| 260 | 3 |
_aPiracicaba, SP (Brasil): _c1994. |
|
| 300 | _a112 p. | ||
| 500 | _a6 graphs; 23 tables; Summaries (Eng, Por); Bibliography p. 84-100 (100 ref.) | ||
| 650 | _aTomate | ||
| 650 | _aAcidez do Solo | ||
| 650 | _aComportamento de Variedade | ||
| 650 | _aAluminio | ||
| 909 |
_a202309 _bLucia _c55 _dLucia Elande |
||
| 942 | _cBK | ||
| 999 |
_c50760 _d50760 |
||